Oncology clinical trials : (Record no. 20473)

MARC details
000 -LEADER
fixed length control field 01568cam a2200361 i 4500
001 - CONTROL NUMBER
control field 20037578
003 - CONTROL NUMBER IDENTIFIER
control field OSt
005 - DATE AND TIME OF LATEST TRANSACTION
control field 20240716094507.0
008 - FIXED-LENGTH DATA ELEMENTS--GENERAL INFORMATION
fixed length control field 170926s2018 nyua b 001 0 eng
010 ## - LIBRARY OF CONGRESS CONTROL NUMBER
LC control number 2017046144
020 ## - INTERNATIONAL STANDARD BOOK NUMBER
International Standard Book Number 9780826168726
035 ## - SYSTEM CONTROL NUMBER
System control number (DNLM)101713539
040 ## - CATALOGING SOURCE
Original cataloging agency DNLM/DLC
Language of cataloging eng
Transcribing agency DLC
Description conventions rda
Modifying agency DLC
042 ## - AUTHENTICATION CODE
Authentication code pcc
050 00 - LIBRARY OF CONGRESS CALL NUMBER
Classification number RC267
Item number .O53 2018
245 00 - TITLE STATEMENT
Title Oncology clinical trials :
Remainder of title successful design, conduct, and analysis /
Statement of responsibility, etc. editors, William Kevin Kelly, DO (Professor, Department of Medical Oncology and Urology, Director, Division of Solid Tumor Oncology, Thomas Jefferson University, Associate Director of Clinical Research, Sidney Kimmel Cancer Center, Philadelphia, Pennsylvania), Susan Halabi, PhD (Professor, Department of Biostatistics & Bioinformatics, Duke University, Durham, North Carolina).
250 ## - EDITION STATEMENT
Edition statement 2nd ed.
264 #1 - PRODUCTION, PUBLICATION, DISTRIBUTION, MANUFACTURE, AND COPYRIGHT NOTICE
Place of production, publication, distribution, manufacture New York :
Name of producer, publisher, distributor, manufacturer Demos Medical an imprint of Springer Publishing,
Date of production, publication, distribution, manufacture, or copyright notice 2018
300 ## - PHYSICAL DESCRIPTION
Extent xxii, 542 p :
336 ## - CONTENT TYPE
Content type term text
Source rdacontent
337 ## - MEDIA TYPE
Media type term unmediated
Source rdamedia
338 ## - CARRIER TYPE
Carrier type term volume
Source rdacarrier
504 ## - BIBLIOGRAPHY, ETC. NOTE
Bibliography, etc Includes bibliographical references and index.
650 #0 - SUBJECT ADDED ENTRY--TOPICAL TERM
Topical term or geographic name as entry element Cancer
General subdivision Research
-- Statistical methods.
650 #0 - SUBJECT ADDED ENTRY--TOPICAL TERM
Topical term or geographic name as entry element Clinical trials.
650 12 - SUBJECT ADDED ENTRY--TOPICAL TERM
Topical term or geographic name as entry element Neoplasms
General subdivision drug therapy
650 22 - SUBJECT ADDED ENTRY--TOPICAL TERM
Topical term or geographic name as entry element Clinical Trials as Topic
700 1# - ADDED ENTRY--PERSONAL NAME
Personal name Kelly, Wm. Kevin
Fuller form of name (William Kevin),
Relator term editor.
700 1# - ADDED ENTRY--PERSONAL NAME
Personal name Halabi, Susan,
Relator term editor.
906 ## - LOCAL DATA ELEMENT F, LDF (RLIN)
a 7
b cbc
c orignew
d 1
e ecip
f 20
g y-gencatlg
942 ## - ADDED ENTRY ELEMENTS (KOHA)
Source of classification or shelving scheme Library of Congress Classification
Koha item type General Collection
Holdings
Withdrawn status Lost status Source of classification or shelving scheme Not for loan Home library Current library Date acquired Cost, normal purchase price Total Checkouts Full call number Barcode Date last seen Price effective from Koha item type
    Library of Congress Classification   Kabarak, Main Campus Kabarak, Main Campus 16/07/2024 28003.00   RC267 .O53 2018 c.1 34035 16/07/2024 16/07/2024 General Collection
Designed with assistance from East African Informatics Ltd